| 000 | 00698cam a22002173a 4500 | ||
|---|---|---|---|
| 001 | 39713 | ||
| 003 | PGUSA | ||
| 005 | 20140828083902.0 | ||
| 008 | 120516s2012||||xxu|||||s|||||000 | eng d | ||
| 040 |
_aPGUSA _beng |
||
| 042 | _adc | ||
| 100 | 1 |
_aPoincaré, Henri, _d1854-1912 |
|
| 245 | 1 | 4 |
_aThe Foundations of Science : _bScience and Hypothesis, The Value of Science, Science and Method _h[electronic resource] / _cHenri Poincaré |
| 260 |
_bProject Gutenberg, _c2012 |
||
| 506 | _aPublic domain in the USA. | ||
| 516 | _aElectronic text | ||
| 700 | 1 |
_aHalsted, George Bruce, _d1853-1922 |
|
| 830 | 0 |
_aProject Gutenberg _v39713 |
|
| 856 | 4 | 0 | _uhttp://www.gutenberg.org/ebooks/39713 |
| 942 | _cEB | ||
| 999 |
_c268966 _d268966 |
||